ბათუმის შოთა რუსთაველის სახელმწიფო უნივერსიტეტის ბიბლიოთეკა

ქართული პროზა წ.40: XX საუკუნის პოეტების პროზა (ბიბ.ჩანაწერი № 43698)

000 -LEADER
fixed length control field 00967nam a2200241Ia 4500
001 - CONTROL NUMBER
control field 10438
003 - CONTROL NUMBER IDENTIFIER
control field GE_BSU
008 - FIXED-LENGTH DATA ELEMENTS--GENERAL INFORMATION
fixed length control field 181216s||||||||xx |||||||||||||| ||und||
020 ## - INTERNATIONAL STANDARD BOOK NUMBER
International Standard Book Number 9992888644
040 ## - CATALOGING SOURCE
Transcribing agency GE_BSU
080 ## - UNIVERSAL DECIMAL CLASSIFICATION NUMBER
Universal Decimal Classification number 821.353.1+821.353.1-32
245 ## - TITLE STATEMENT
Title ქართული პროზა წ.40: XX საუკუნის პოეტების პროზა
245 ## - TITLE STATEMENT
Remainder of title წ.40: XX საუკუნის პოეტების პროზა
245 ## - TITLE STATEMENT
Statement of responsibility, etc. სარედ.კოლ:გრ.აბაშიძე და სხვ. შემდგ.-რედ.ვახტანგ ჯავახაძე;მხატვ:დავით დუნდუა.,
260 ## - PUBLICATION, DISTRIBUTION, ETC.
Place of publication, distribution, etc. თბილისი
260 ## - PUBLICATION, DISTRIBUTION, ETC.
Name of publisher, distributor, etc. ახალი საქართველო
260 ## - PUBLICATION, DISTRIBUTION, ETC.
Date of publication, distribution, etc. 2006
300 ## - PHYSICAL DESCRIPTION
Extent 620გვ;20სმ.
300 ## - PHYSICAL DESCRIPTION
Other physical details მე-40 ტომი
653 ## - INDEX TERM--UNCONTROLLED
Uncontrolled term ქართული პროზა
942 ## - ADDED ENTRY ELEMENTS (KOHA)
Koha item type წიგნი
ეგზემპლარები
Withdrawn status Lost status Damaged status Not for loan Date acquired Barcode Date last seen Price effective from Koha item type
        2018-12-17 34241 2018-12-17 2018-12-17 წიგნი